000 00430nam a2200157 i 4500
001 102024
003 ES-MaACL
005 20230906183030.0
007 t|
008 051031s1963 sp ||||1| spa d
100 1 _aMendiola, José María.
_980195
245 1 0 _aMuerte por fusilamiento /
_cJosé María Mendiola.
260 _aMadrid :
_bDestino,
_c1963.
300 _a299 p. ;
_c19 cm.
852 _aES-MaACL
_jC-22807
_bR.51658
999 _c102024
_d102024